000 00646nam a2200229Ia 4500
003 OSt
005 20220927105348.0
006 a|||||r|||| 00| 0
007 ta
008 220926b |||||||| |||| 00| 0 eng d
024 _a161704
037 _cReference Collections
040 _aRTL
_cRTL
_beng
041 _2eng
_aeng
082 _a"Y:5.277sP1, P1"
100 _a"Census of India, 2001"
_9371947
245 0 _aAdministrative atlas. Assam
260 _aAssam
_bGovt. Press
_c2001
300 _a"xiv, 361p"
_ccm.
942 _h"Y:5.277sP1, P1"
_cCC
999 _c692106
_d692106